| 000 | 00777nam a2200217 a 4500 | ||
|---|---|---|---|
| 001 | BRCA_1007 | ||
| 005 | 20190320203235.0 | ||
| 008 | 230905s2004----ph-#---###---#000-0#eng-# | ||
| 020 | _a9718551417 | ||
| 050 | 4 |
_aNK5993 _b.R44 2004 |
|
| 100 | 1 |
_aRegalado Trota, José _93316 |
|
| 245 | 1 | 0 |
_aPower Faith Imagine _bPhilippine art in ivory from the 16th to 19th century _cJosé Regalado Trota, Ramón N. Villegas ; fotografía Angelo de Silva. |
| 260 |
_aFilipinas _bAyala fundation _c2004 |
||
| 300 |
_a303 p. _bil. a color, fotos, mapas _c27 cm. |
||
| 504 | _aBibliografía: p. 294-303 | ||
| 650 | 1 | 4 |
_aArte cristiano y simbolismo _zFilipinas _93317 |
| 650 | 1 | 4 |
_aMarfil _zFilipinas _93318 |
| 700 | 1 |
_aVillegas, Ramón N _93319 |
|
| 700 | 1 |
_aSilva, Angelo de _93320 |
|
| 942 |
_2lcc _cB |
||
| 999 |
_c888 _d888 |
||